Wird geladen...
Sheep diseases
| 1. Verfasser: | |
|---|---|
| Format: | Printed Book |
| Sprache: | Undetermined |
| Veröffentlicht: |
Baltimore
Williams&wilkins company
1952
|
| Schlagworte: |
| LEADER | 00506nam a2200157Ia 4500 | ||
|---|---|---|---|
| 008 | 140316s9999 xx 000 0 und d | ||
| 020 | |||
| 082 | |a 636.089 |b NEW/SH | ||
| 100 | |a Newsom,I E | ||
| 245 | |a Sheep diseases | ||
| 260 | |a Baltimore |b Williams&wilkins company |c 1952 | ||
| 300 | |a 352 | ||
| 650 | |a veterinary medicine | ||
| 942 | |2 ddc |c BK | ||
| 999 | |c 15160 |d 15160 | ||
| 952 | |0 0 |1 0 |2 ddc |4 0 |6 636_089000000000000_NEWSH |7 0 |9 16465 |a KAUCLV |b KAUCLV |c GENERAL |d 2014-03-18 |o 636.089 NEW/SH |p 805471 |r 2014-03-18 |w 2014-03-18 |y BK | ||